| 000 | 00445nam a2200133 a 4500 | ||
|---|---|---|---|
| 001 | 000034220 | ||
| 005 | 20200930070858.0 | ||
| 008 | 110928s1996 dr ac 000 0 spa d | ||
| 040 |
_aDO-SdBNP _bspa _cBNPHU |
||
| 245 | 0 | 0 |
_aDamas dominicanas / _ceditores, Antonio J. Alma Yamin, Miguel A. Peguero Calzada; fotografo Juan Carlos Fernández. |
| 260 |
_a[Santo Domingo ] : _bs.n], _c1996. |
||
| 300 |
_a117 p. : _bil., retrs. ; _c30 cm. |
||
| 049 | _aBNPD | ||
| 999 |
_c33711 _d33711 |
||